ARRUPE JESUIT UNIVERSITY

CORONAVIRUS -STOP THE SPREAD - CLEAN,DISINFECT,COVER

The Zimbabwean education system is "inclusive" yet "exclusive". (Record no. 130607)

MARC details
000 -LEADER
fixed length control field 00477nam a22001457a 4500
008 - FIXED-LENGTH DATA ELEMENTS--GENERAL INFORMATION
fixed length control field 201030b ||||| |||| 00| 0 eng d
050 ## - LIBRARY OF CONGRESS CALL NUMBER
Classification number SPC DT1.T46 M335
100 ## - MAIN ENTRY--PERSONAL NAME
Personal name Cloudius, Marike
9 (RLIN) 50140
245 ## - TITLE STATEMENT
Title The Zimbabwean education system is "inclusive" yet "exclusive".
Statement of responsibility, etc / by Marike Cloudius
260 ## - PUBLICATION, DISTRIBUTION, ETC. (IMPRINT)
Place of publication, distribution, etc Harare:
Name of publisher, distributor, etc Arrupe Jesuit University,
Date of publication, distribution, etc 2019.
300 ## - PHYSICAL DESCRIPTION
Extent iv, 75p. ;
Dimensions 30cm.
521 ## - TARGET AUDIENCE NOTE
Target audience note Thesis
650 ## - SUBJECT ADDED ENTRY--TOPICAL TERM
Topical term or geographic name as entry element Education
Geographic subdivision Zimbabwe
9 (RLIN) 27081
942 ## - ADDED ENTRY ELEMENTS (KOHA)
Source of classification or shelving scheme Library of Congress Classification
Item type Monograph ( Printed materials)
Holdings
Withdrawn status Lost status Source of classification or shelving scheme Damaged status Not for loan Collection code Home library Current library Date acquired Total Checkouts Full call number Barcode Date last seen Price effective from Koha item type
    Library of Congress Classification   Not For Loan SPECIAL Collection ARRUPE LIBRARY ARRUPE LIBRARY 30/10/2020   SPC DT1.T46 M335 46600008206 30/10/2020 30/10/2020 SPC

 

Arrupe Library. PO Box MP320 Mt Pleasant, Harare, Zimbabwe
263 242 745411|librarian@aju.ac.zw